Statistics for Five Biggest Cities by Continent by Letter - H

Click here to take the quiz!

General Stats

  • This quiz has been taken 191 times
  • The average score is 14 of 30

Answer Stats

Population Country City % Correct
1,787,000GermanyHamburg
98%
352,000Hawaii (USA)Honolulu
98%
635,000FinlandHelsinki
98%
2,125,000CubaHavana
97%
7,216,000VietnamHanoi
96%
1,485,000ZimbabweHarare
93%
8,146,000VietnamHo Chi Minh City
92%
2,303,000USAHouston
89%
7,677,000IndiaHyderabad
78%
532,000GermanyHannover
75%
65,000Solomon IslandsHoniara
68%
5,162,000ChinaHangzhou
66%
537,000CanadaHamilton
61%
4,596,000ChinaHarbin
51%
403,000CanadaHalifax
49%
211,000AustraliaHobart
43%
741,000SomaliaHargeisa
29%
666,000AngolaHuambo
22%
778,000MexicoHermosillo
17%
237,000GermanyHalle (Saale)
14%
160,000EgyptHurghada
14%
64,000New ZealandHastings
7%
365,000PeruHuancayo
7%
249,000UkraineHorlivka
6%
175,000PeruHuánuco
4%
127,000PeruHuaraz
4%
219,000BrazilHortolândia
3%
92,000PeruHuacho
3%
643,000EgyptHelwan
2%

Score Distribution

Percentile by Number Answered

Percent of People with Each Score

Your Score History

You have not taken this quiz